Vista normal Vista MARC

Entrada Personal Name

Número de registros utilizados en: 1

001 - CONTROL NUMBER

  • control field: 1537

003 - CONTROL NUMBER IDENTIFIER

  • control field: OSt

005 - DATE AND TIME OF LATEST TRANSACTION

  • control field: 20200316092717.0

008 - FIXED-LENGTH DATA ELEMENTS

  • fixed length control field: 200316|| aca||aabn | a|a d

040 ## - CATALOGING SOURCE

  • Original cataloging agency: OSt
  • Transcribing agency: OSt

100 ## - HEADING--PERSONAL NAME

  • Personal name: Santamaría, Consuelo S. de

670 ## - SOURCE DATA FOUND

  • Source citation: Work cat.: (OSt)3634: Shinyashiki, Roberto, autor 1535, No le tema a triunfar /